000 00360ntaaa2200145 4500
003 01
005 20251027202438.0
008 0714s1973 ag 01
040 _aAR-BaBN
_bspa
_cAR-BaBN
_eaacr
_dRIC
082 _a266.0000 M678
245 _aSouth American neighbors
250 _a1 ed. :
_bMissionary Education Movement,
_cn.f.
650 _aMisiones
942 _cBK
999 _c19429
_d19429